Psicología de la Memoria /

Enregistré dans:
Détails bibliographiques
Auteur principal: Baddeley, Alan D. (autor)
Format: Livre
Langue:espagnol
Publié: Madrid, España : Debate, 1983
Sujets:
Tags: Ajouter un tag
Pas de tags, Soyez le premier à ajouter un tag!

MARC

LEADER 00000nam^a2200000^a^4500
001 000014483
005 20250521000000.0
009 20260310083943.836
020 |a 89-7444-089-0 
037 |a Acervo ITESO - Biblioteca 
041 |a ESP 
082 |a 153. 1  |b BAD 
100 |a Baddeley, Alan D.  |e (autor) 
245 1 0 |a Psicología de la Memoria /  |c A.D. Baddeley; tr. por: María Victoria Sebastián. 
264 1 |a Madrid, España :  |b Debate,  |c 1983 
300 |a 493 p. 
336 |a texto  |b txt  |2 rdacontenido 
337 |a sin mediación  |b n  |2 rdamedio 
338 |a volumen  |b nc  |2 rdasoporte 
500 |a Traducción de: The Psychology of Memory 
649 |a XX 
650 |a Psicología 
650 |a Memoria 
650 |a Memoria y Olvido 
650 |a Teoría y Terapia Gestalt 
910 |a Fondo General 
920 |a Impresos - Libros 
930 |a Colección General 
905 |a 101 
901 |a 0144830100  |b IT1  |c ACC  |i 014483  |u 20250521 
902 |a https://opac.biblio.iteso.mx/vufind/Record/000014483